00982nab a22001817a 4500003000400000005001700004008004100021040000700062100002200069245006900091260007300160300001300233500004100246505026800287505009000555650001300645773014200658OSt20250213130126.0190604e xxu||||| |||| 00| 0 spa d cPJ aGabrielli, Enrico13aEl negocio jurídico en el tiempo presente /cEnrico Gabrielli. aCiudad Autónoma de Buenos Aires :bThomson Reuters La Ley, c2025. ap. 16-24 aCita Online: LA LEY AR/DOC/131/2024. aSumario: I. Historia y dogma del negocio jurídico.— II. El negocio jurídico como "acto de autonomía privada".— III. Las críticas y la utilidad persistente de la categoría del negocio jurídico.— IV. El negocio jurídico y una mirada al futuro.  t¿Te interesa el texto completo? Solicitalo al correo: koha@justierradelfuego.gov.ar  aDERECHO 0 02714dCiudad Autónoma de Buenos Aires : Thomson Reuters La Ley, 2014-tRevista anales de legislación argentina. Nº 2 - Febrero 2025.